| 000 | 00443nam a2200181Ia 4500 | ||
|---|---|---|---|
| 008 | 210210b1950 xxu||||| |||| 00| 0 eng d | ||
| 041 | _aeng | ||
| 082 | _a828/682 | ||
| 100 | _aWILLCOCKS (M P) | ||
| 245 | _aLaughing philosopher: Rabelais Ed | ||
| 260 |
_aLondon _bGeorge Allen and Unwin Limited _c1950 |
||
| 650 | _aRabelais | ||
| 650 | _aphilosopher: | ||
| 650 | _aLaughing | ||
| 650 | _aEd | ||
| 690 | _aBiography | ||
| 906 | _a016527 | ||
| 999 |
_c136080 _d136080 |
||